000
00323nam a22001577a 4500
003
SGT
020
_a
9789350719770
082
_a
344.0954 KAP
100
_a
KAPOOR,G.K
245
_a
COMPANY LAW
250
_a
19TH
260
_a
NEW DELHI
_b
TAXMANN
_c
2016
300
_a
654
650
_a
COMPANY LAW
942
_2
ddc
_c
FCM
_0
1
999
_c
10517
_d
10517